000 00774nam a2200289Ia 4500
001 38255
005 20240114002003.0
007 ta
008 070703s1973 a g b000 u 465 u
040 _aCotton College Assam
041 _a465
082 _a934.06
_bMo729 Gu
082 _a954.021
_bM 896 G
100 _aMookherji, Radha Kumud.
245 0 _aThe Gupta Empire /
_cRadha Kumud Mookherji.
_hTextual Documents
250 _a1st ed. /
260 _aDelhi :
_bMotilal Banarsidass Publishers ,
_c1973.
300 _a174p. :
_bill ;
_c22cm .
653 _aHistory-India
653 _aIndian History-Gupta Empire
653 _aG-History
942 _2ddc
_cBK
999 _c38231
_d38231